Анализ адекватности методики проектирования профиля многоствольной (многозабойной) скважины; Проблемы геологии и освоения недр; Т. 2
| Parent link: | Проблемы геологии и освоения недр: труды XIX Международного симпозиума имени академика М. А. Усова студентов и молодых ученых, посвященного 70-летнему юбилею Победы советского народа над фашистской Германией, Томск, 6-10 апреля 2015 г./ Национальный исследовательский Томский политехнический университет (ТПУ), Институт природных ресурсов (ИПР) ; Общество инженеров-нефтяников, международная некоммерческая организация, Студенческий чаптер ; под ред. А. Ю. Дмитриева.— , 2015 Т. 2.— [С. 378-382] |
|---|---|
| 1. Verfasser: | |
| Körperschaft: | |
| Weitere Verfasser: | |
| Zusammenfassung: | Заглавие с экрана |
| Sprache: | Russisch |
| Veröffentlicht: |
|
| Schriftenreihe: | Современные технологии и техника бурения нефтяных и газовых скважин |
| Schlagworte: | |
| Online-Zugang: | http://earchive.tpu.ru/handle/11683/22864 http://www.lib.tpu.ru/fulltext/c/2015/C11/V2/166.pdf |
| Format: | Elektronisch Buchkapitel |
| KOHA link: | https://koha.lib.tpu.ru/cgi-bin/koha/opac-detail.pl?biblionumber=615490 |
MARC
| LEADER | 00000naa2a2200000 4500 | ||
|---|---|---|---|
| 001 | 615490 | ||
| 005 | 20231101132848.0 | ||
| 035 | |a (RuTPU)RU\TPU\conf\13689 | ||
| 035 | |a RU\TPU\conf\13687 | ||
| 090 | |a 615490 | ||
| 100 | |a 20151110d2015 k y0rusy50 ca | ||
| 101 | 0 | |a rus | |
| 102 | |a RU | ||
| 105 | |a y z 100zy | ||
| 135 | |a drcn ---uucaa | ||
| 181 | 0 | |a i | |
| 182 | 0 | |a b | |
| 200 | 1 | |a Анализ адекватности методики проектирования профиля многоствольной (многозабойной) скважины |f Е. Е. Шиверский |g науч. рук. А. В. Епихин | |
| 203 | |a Текст |c электронный | ||
| 225 | 1 | |a Современные технологии и техника бурения нефтяных и газовых скважин | |
| 230 | |a 1 компьютерный файл (pdf; 956 Kb) | ||
| 300 | |a Заглавие с экрана | ||
| 320 | |a [Библиогр.: с. 381-382 (7 назв.)] | ||
| 337 | |a Adobe Reader | ||
| 461 | 1 | |0 (RuTPU)RU\TPU\conf\12865 |t Проблемы геологии и освоения недр |o труды XIX Международного симпозиума имени академика М. А. Усова студентов и молодых ученых, посвященного 70-летнему юбилею Победы советского народа над фашистской Германией, Томск, 6-10 апреля 2015 г. |o в 2 т. |f Национальный исследовательский Томский политехнический университет (ТПУ), Институт природных ресурсов (ИПР) ; Общество инженеров-нефтяников, международная некоммерческая организация, Студенческий чаптер ; под ред. А. Ю. Дмитриева |d 2015 | |
| 463 | 1 | |0 (RuTPU)RU\TPU\conf\13350 |t Т. 2 |v [С. 378-382] | |
| 610 | 1 | |a труды учёных ТПУ | |
| 610 | 1 | |a электронный ресурс | |
| 610 | 1 | |a проектирование | |
| 610 | 1 | |a профили | |
| 610 | 1 | |a многоствольные скважины | |
| 610 | 1 | |a многозабойные скважины | |
| 700 | 1 | |a Шиверский |b Е. Е. | |
| 702 | 1 | |a Епихин |b А. В. |c специалист в области нефтегазового дела |c ассистент кафедры Томского политехнического университета |f 1988- |g Антон Владимирович |2 stltpush |4 727 | |
| 712 | 0 | 2 | |a Национальный исследовательский Томский политехнический университет (ТПУ) |b Институт природных ресурсов (ИПР) |b Кафедра бурения скважин (БС) |h 256 |2 stltpush |3 (RuTPU)RU\TPU\col\18666 |
| 801 | 2 | |a RU |b 63413507 |c 20210118 |g RCR | |
| 856 | 4 | |u http://earchive.tpu.ru/handle/11683/22864 | |
| 856 | 4 | |u http://www.lib.tpu.ru/fulltext/c/2015/C11/V2/166.pdf | |
| 942 | |c BK | ||